00333nam a2200121Ia 4500008004100000100001500041245008500056260002200141300000800163650001600171942000700187999001700194190216s9999||||xx |||||||||||||| ||und|| aParimala R 0aAlgebra Arithamatic&Geometry Mumbai 2000-P-1-Proceedings Of International Course bNarosa Pubs House a326 aMathematics cBK c32008d32008